Normal view
MARC view
- Antennas (Electronics).Characteristic Modes-Theory and Applications in Antenna Engineering.NUSTTB2022
Entry Topical Term
001 - CONTROL NUMBER
- control field: 104116
003 - CONTROL NUMBER IDENTIFIER
- control field: NUST
005 - DATE AND TIME OF LATEST TRANSACTION
- control field: 20221205115414.0
008 - FIXED-LENGTH DATA ELEMENTS
- fixed length control field: 221205|| aca||aabn | a|a d
040 ## - CATALOGING SOURCE
- Original cataloging agency: NUST
- Transcribing agency: NUST
150 ## - HEADING--TOPICAL TERM
- Topical term or geographic name entry element: Antennas (Electronics).Characteristic Modes-Theory and Applications in Antenna Engineering.NUSTTB2022
670 ## - SOURCE DATA FOUND
- Source citation: Work cat.: (NUST)592563: Chen, Yikai, 103936, Characteristic Modes:, 2015.
